000
00303nam a2200133Ia 4500
008
191201s1969 xx 000 0 und d
082
_a
621.38
_b
CLP
100
_a
CLIFFORD, Martin
245
0
_a
Practical Radio
260
_b
D.B Taraporevala
_c
1969
300
_a
64
650
_a
Applied
942
_2
ddc
_c
BK
999
_c
692
_d
692